| 000 | 00000cas 2200000zi 4500 |
| 001 | 9.887288 |
| 003 | CaOODSP |
| 005 | 20260219160957 |
| 006 | m o d f |
| 007 | cr ||||||||||| |
| 008 | 200512c20099999mbcar p o s f0 b0fre|d |
| 022 | |a1920-9061|y1498-9573|y1712-8315|y1920-9053 |
| 040 | |aCaOODSP|bfre |
| 043 | |an-cnp-- |
| 086 | 1 |aA92-18F-PDF |
| 245 | 00|aQualité des pois de l'Ouest canadien. |
| 264 | 1|aWinnipeg (Manitoba) : |bCommission canadienne des grains = Canadian Grain Commission |
| 310 | |aAnnuel |
| 336 | |atexte|btxt|2rdacontent/fre |
| 337 | |ainformatique|bc|2rdamedia/fre |
| 338 | |aressource en ligne|bcr|2rdacarrier/fre |
| 362 | 1 |aParaît depuis 2009. |
| 500 | |aPublié aussi en anglais sous le titre : Quality of western Canadian peas. |
| 550 | |aPublié par le Laboratoire de recherches sur les grains |
| 580 | |aFait suite après scission à : Qualité des légumineuses de l'Ouest canadien. |
| 588 | |aDescription d'après : 2009. |
| 588 | |aDernière livraison consultée : 2019. |
| 710 | 2 |aLaboratoire de recherches sur les grains (Canada) |
| 710 | 2 |aCommission canadienne des grains. |
| 775 | 08|tQuality of western Canadian peas.|w(CaOODSP)9.887277 |
| 780 | 00|tQualité des légumineuses de l'Ouest canadien |w(CaOODSP)9.503639 |